General Knowledge: Brazil - Statistics

General Stats
  • This quiz has been taken 72 times
  • The average score is 10 of 22
Answer Stats
Hint Answer % Correct
Which Brazilian city will host the Olympics in 2016? Rio de Janeiro
78%
What is the name of the statue that stands over Rio de Janeiro? Christ the Redeemer
64%
Which supermodel, the wife of Tom Brady, is from Brazil? Gisele Bündchen
64%
Brazil most recently hosted the World Cup during what year? 2014
59%
Which type of music, similar to jazz, was popular in the 1950's and 60's? Bossa Nova
58%
What is the term for a Brazilian slum? Favela
58%
Which popular animated movie took place in Brazil? Rio
56%
Which Brazilian city was built in the shape of an airplane to attract tourists? Brasília
53%
There is currently an outbreak of which virus in Brazil? Zika
53%
Which festival marks the beginning of Lent? Carnaval
49%
Plastic surgery on which body part is common in Brazil? Butt
44%
What is part dance, part martial art? Capoeira
44%
Which Brazilian Portuguese word, meaning a deep emotional state of nostalgic or profound melancholic longing for an absent something or someone that one loves, has no exact English equivalent? Saudade
39%
Which popular pop artist sings the songs "Bang" and "Show das Poderosas"? Anitta
37%
What type of dance is done with an umbrella? Frevo
36%
Who sings the popular song "Ai Se Eu Te Pego"? Michel Teló
32%
"Exaltasamba" and "Grupo Revelação" are popular artists of which genre of music? Pagode
32%
Which type of music is similar to country? Sertanejo
31%
Which popular telenovela has the theme song, "Vem Dançar Kuduro"? Avenida Brasil
29%
Which type of dance music is derived from Miami bass and African style music? Baile Funk
22%
Which popular game/app has a version based on the above movie? Angry Birds
17%
Which popular samba artist co-produced the soundtrack for the above movie? Sergio Mendes
3%
No matching quizzes found
Score Distribution
Percent of People with Each Score
Percentile by Number Answered
Your Score History
You have not taken this quiz